| 000 | 00700nam a22002177a 4500 | ||
|---|---|---|---|
| 003 | 0 | ||
| 005 | 20250925120626.0 | ||
| 008 | 250925b xxu||||| |||| 00| 0 eng d | ||
| 020 | _a978-1-77956-409-2 | ||
| 050 |
_aHF 5415.32 _b.C46 2025 |
||
| 100 |
_aChopra, Rajiv, _eauthor. |
||
| 245 |
_aConsumer behavior analysis in e-commerce platforms / _cRajiv Chopra. |
||
| 260 |
_aCanada : _bSociety Publishing, _c2025. |
||
| 300 |
_axviii, 407 pages : _bcolored illustrations ; _c24 cm. |
||
| 504 | _aIncludes bibliographical references and index. | ||
| 650 | _aConsumer behavior. | ||
| 650 | _aInternet marketing. | ||
| 650 | _aElectronic commerce. | ||
| 650 | _aDigital marketing. | ||
| 942 |
_2lcc _cBK |
||
| 999 |
_c368104 _d368104 |
||